Principles of Electronic Instrumentation (Record no. 3450)

MARC details
005 - DATE AND TIME OF LATEST TRANSACTION
control field 20250621085231.0
020 ## - INTERNATIONAL STANDARD BOOK NUMBER
International Standard Book Number 0-03-074709-0
082 ## - DEWEY DECIMAL CLASSIFICATION NUMBER
Classification number LM 621.381 DIE
100 ## - MAIN ENTRY--PERSONAL NAME
Author name DIEFENDERFER, A. J.
245 ## - TITLE STATEMENT
Title Principles of Electronic Instrumentation
250 ## - EDITION STATEMENT
Edition statement 3rd Ed.
260 ## - PUBLICATION, DISTRIBUTION, ETC.
Place of publication, distribution, etc. Australia,
Name of publisher, distributor, etc. Thomson & Brooks,
Date of publication, distribution, etc. 1994.
300 ## - PHYSICAL DESCRIPTION
Extent xiii,577p.: Ill.; figures & tables.
Other physical details Index
Dimensions 26cm.
700 ## - ADDED ENTRY--PERSONAL NAME
Other authors/Editors HOLTON, B. E.
856 ## - ELECTRONIC LOCATION AND ACCESS
Link text Access Online Book
Electronic name Principles of Electronic Instrumentation
Path www.thomsonlearning.com
942 ## - ADDED ENTRY ELEMENTS (KOHA)
Source of classification or shelving scheme Dewey Decimal Classification
Koha item type Books
Holdings
Date last seen Total checkouts Full call number Barcode Cost, replacement price Price effective from Koha item type Lost status Source of classification or shelving scheme Damaged status Not for loan Withdrawn status Home library Current library Shelving location Date acquired Cost, normal purchase price
06/07/2025   LM 621.381 DIE 00000010813 269759.10 06/07/2025 Books   Dewey Decimal Classification       College of Business Education Main Library College of Business Education Main Library General Collection 04/22/2005 89919.70
06/07/2025   LM 621.381 DIE 00000010814 269759.10 06/07/2025 Books   Dewey Decimal Classification       College of Business Education Main Library College of Business Education Main Library Special Reserve Collection 04/22/2005 89919.70
06/07/2025   LM 621.381 DIE 00000010815 269759.10 06/07/2025 Books   Dewey Decimal Classification       College of Business Education Main Library College of Business Education Main Library Special Reserve Collection 04/22/2005 89919.70
06/07/2025   LM 621.381 DIE 00000010816 269759.10 06/07/2025 Books   Dewey Decimal Classification       College of Business Education Main Library College of Business Education Main Library General Collection 04/22/2005 89919.70